Ancient Egypt / (Record no. 5853)

MARC details
000 -LEADER
fixed length control field 00908nam a22002537a 4500
001 - CONTROL NUMBER
control field 5853
003 - CONTROL NUMBER IDENTIFIER
control field FISKH
005 - DATE AND TIME OF LATEST TRANSACTION
control field 20250124152007.0
008 - FIXED-LENGTH DATA ELEMENTS--GENERAL INFORMATION
fixed length control field 250124b cb ||||| |||| 00| 0 eng d
020 ## - INTERNATIONAL STANDARD BOOK NUMBER
International Standard Book Number 9780531259771
040 ## - CATALOGING SOURCE
Original cataloging agency FISKH
Language of cataloging eng
Transcribing agency FISKH
Modifying agency FISKH
050 ## - LIBRARY OF CONGRESS CALL NUMBER
Classification number DT60.Y66
082 ## - DEWEY DECIMAL CLASSIFICATION NUMBER
Classification number 932
100 ## - MAIN ENTRY--PERSONAL NAME
Personal name Yomtov, Nel
245 ## - TITLE STATEMENT
Title Ancient Egypt /
Statement of responsibility, etc. by Nel Yomtov
260 ## - PUBLICATION, DISTRIBUTION, ETC.
Place of publication, distribution, etc. New York :
Name of publisher, distributor, etc. Children's Press ,
Date of publication, distribution, etc. 2013.
300 ## - PHYSICAL DESCRIPTION
Extent 112 pages :
Other physical details color illustrations, maps ;
Dimensions 24 cm .
490 ## - SERIES STATEMENT
Series statement The Ancient World
520 ## - SUMMARY, ETC.
Summary, etc. Explains the development of ancient Egypt, with maps showing where the civilization was and how it expanded over time, short biographies of key historical figures, and a timeline of important events.
650 ## - SUBJECT ADDED ENTRY--TOPICAL TERM
Topical term or geographic name entry element Egypt- History
Form subdivision Juvenile literature
650 ## - SUBJECT ADDED ENTRY--TOPICAL TERM
Topical term or geographic name entry element Egypt- Civilization- To332 B.C.
Form subdivision Juvenile literature
942 ## - ADDED ENTRY ELEMENTS (KOHA)
Source of classification or shelving scheme Dewey Decimal Classification
Koha item type Books
Suppress in OPAC No
Holdings
Withdrawn status Lost status Source of classification or shelving scheme Damaged status Not for loan Collection Home library Current library Shelving location Date acquired Total Checkouts Full call number Barcode Date last seen Price effective from Koha item type
    Dewey Decimal Classification     Non-Fiction Footprints International School Library Network Toul Kork Campus Footprints International School Library Network Toul Kork Campus TTP Secondary Non-Fiction Bookshelves 01/24/2025   YOM 932 DT60.Y66 FISSE00687 01/24/2025 01/24/2025 Books